000 01274cam a22003374a 4500
001 12232731
003 OSt
005 20220205144633.0
008 001116s2001 enka b 001 0 eng
010 _a 00068506
020 _a0471497282 (pbk. : alk. paper)
038 _awaseem
040 _aDLC
_cDLC
_dDLC
042 _apcc
050 0 0 _aHB139
_b.M353 2001
082 0 0 _a330/.01/5195
_221
100 1 _aMaddala, G. S.
_988806
245 1 0 _aIntroduction to econometrics /
_cG.S. Maddala.
250 _a3rd ed.
260 _aChichester ;
_aNew York :
_bJohn Wiley,
_cc2002.
300 _axxvii, 636 p. :
_bill. ;
_c24 cm.
504 _aIncludes bibliographical references and index.
563 _aPBK.
650 0 _aEconometrics.
_988807
856 4 2 _3Contributor biographical information
_uhttp://www.loc.gov/catdir/bios/wiley043/00068506.html
856 4 2 _3Publisher description
_uhttp://www.loc.gov/catdir/description/wiley035/00068506.html
856 4 _3Table of Contents
_uhttp://www.loc.gov/catdir/toc/onix06/00068506.html
906 _a7
_bcbc
_corignew
_d1
_eocip
_f19
_gy-gencatlg
942 _2ddc
_cBK
999 _c3223
_d3223